书目信息 |
| 题名: |
史说长安
|
|
| 作者: | 萧正洪 主编 ;霍斌 著 | |
| 分册: | 隋唐卷 | |
| 出版信息: | 西安 西安出版社 2018 |
|
| 页数: | 290页 | |
| 开本: | 21cm | |
| 丛书名: | ||
| 单 册: | ||
| 中图分类: | K294.11 | |
| 科图分类: | ||
| 主题词: | 地方史--西安 , 地方史--西安--隋唐时代 | |
| 电子资源: | ||
| ISBN: | 978-7-5541-2900-5 | |
| 000 | 01083nam0 2200265 450 | |
| 001 | 012001000277 | |
| 005 | 20140920091301.0 | |
| 010 | @a978-7-5541-2900-5@b精装@dCNY48.00 | |
| 100 | @a20180714d2018 em y0chiy50 ea | |
| 101 | 0 | @achi |
| 102 | @aCN@b610000 | |
| 105 | @aab z 000yy | |
| 106 | @ar | |
| 200 | 1 | @a史说长安@9Shi Shuo Chang An@i隋唐卷@f萧正洪主编@g霍斌著 |
| 210 | @a西安@c西安出版社@d2018 | |
| 215 | @a290页@c图,地图@d21cm | |
| 300 | @a长安曰 | |
| 330 | @a本书分为八章,内容包括:法天象地——隋唐长安城的诞生、天府之国——隋唐长安城的经济基础、刀光剑影——唐长安城内的宫廷政变、政治与权谋——唐长安城内的政治制度与政治名人、诗歌与仕途——唐长安城内的才子悲歌、权术与爱情——唐长案城内的大唐巾帼、丝路起点——唐长安城与丝路文明、日常生活——唐长安城内的生活与习俗、佛道仙怪——唐长安城内的宗教信仰与民间信仰。 | |
| 606 | 0 | @a地方史@y西安 |
| 606 | 0 | @a地方史@y西安@z隋唐时代 |
| 690 | @aK294.11@v5 | |
| 701 | 0 | @a萧正洪@9Xiao Zheng Hong@f(1957-)@4主编 |
| 702 | 0 | @a霍斌@9Huo Bin@4著 |
| 801 | 0 | @aCN@b上海新华@c20180901 |
| 905 | @b1041373-77@dK294.11@e369@f5 | |
| 史说长安.隋唐卷/萧正洪主编/霍斌著.-西安:西安出版社,2018 |
| 290页:图,地图;21cm |
| 长安曰 |
| ISBN 978-7-5541-2900-5(精装):CNY48.00 |
| 本书分为八章,内容包括:法天象地——隋唐长安城的诞生、天府之国——隋唐长安城的经济基础、刀光剑影——唐长安城内的宫廷政变、政治与权谋——唐长安城内的政治制度与政治名人、诗歌与仕途——唐长安城内的才子悲歌、权术与爱情——唐长案城内的大唐巾帼、丝路起点——唐长安城与丝路文明、日常生活——唐长安城内的生活与习俗、佛道仙怪——唐长安城内的宗教信仰与民间信仰。 |
| ● |
| 相关链接 |
|
|
|
|
正题名:史说长安
索取号:K294.11/369
 
预约/预借
| 序号 | 登录号 | 条形码 | 馆藏地/架位号 | 状态 | 备注 |
| 1 | 1041373 | 210413738 | 第二样本阅览室/ [索取号:K294.11/369] | 在馆 | |
| 2 | 1041374 | 210413747 | 密集书库-史法系/ [索取号:K294.11/369] | 在馆 | |
| 3 | 1041375 | 210413756 | 第二借阅区/ [索取号:K294.11/369] | 在馆 | |
| 4 | 1041376 | 210413765 | 第二借阅区/ [索取号:K294.11/369] | 在馆 | |
| 5 | 1041377 | 210413774 | 第二借阅区/ [索取号:K294.11/369] | 在馆 |